Not Quite a Quiz Title - JetPunk - Statistics

General Stats
  • This quiz has been taken 52 times
  • The average score is 7 of 10
Answer Stats
Imperfect Title Correct Title % Correct
Countries of the Globe Quiz Countries of the World Quiz
100%
Countries by First Two Letters in 90 Minutes Countries by First Two Letters in 90 Seconds
87%
Nations that Start with A Countries that Start with A
85%
Planets of the Sun System Quiz Planets of the Solar System Quiz
85%
Fifty US States in One Hour Fifty US States in One Minute
83%
12 Days in 15 Seconds 12 Months in 15 Seconds
72%
Quick Typing A to Z Fast Typing A to Z
65%
US States by Neighbors in 30 Seconds US States by Borders in 30 Seconds
48%
100 Most Popular English Words 100 Most Common English Words
41%
Any Capital to Country Random Capital to Country
35%
No matching quizzes found
Score Distribution
Percent of People with Each Score
Percentile by Number Answered
Your Score History
You have not taken this quiz